| 000 | 00875cam a2200277 a 4500 | ||
|---|---|---|---|
| 001 | 32590 | ||
| 003 | BD-RjUL | ||
| 005 | 20211209051848.0 | ||
| 008 | 140427s2006 nyua bf 001 0 eng | ||
| 020 | _a9781405314398 | ||
| 020 | _a1405314397 | ||
| 035 | _a(BD-RjUL)32679 | ||
| 040 |
_aDLC _cDLC _dDLC _beng |
||
| 041 | _aeng | ||
| 082 | 0 | 0 |
_a200 _222 _bBOW 2006 |
| 100 | 1 |
_aBowker, John Westerdale. _999162 |
|
| 245 | 1 | 0 |
_aWorld religions / _cJohn Bowker ; contributing consultants, David Bowker ... [et al.]. |
| 260 |
_aNew York : _bDK Pub., _cc2006. |
||
| 300 |
_a216 p. : _bill. (chiefly col.) ; _c29 cm. |
||
| 504 | _aIncludes bibliographical references (p. 211) and index. | ||
| 650 | 0 |
_aReligions _vHandbooks, manuals, etc. _999163 |
|
| 650 | 0 |
_aReligion _vHandbooks, manuals, etc. _999164 |
|
| 942 |
_2ddc _cBK |
||
| 999 |
_c32590 _d32590 |
||